Treinta años en la evolución de la estructura social costarricense y algunas consideraciones sobre el abstencionismo 1970 - 2002 /

সংরক্ষণ করুন:
গ্রন্থ-পঞ্জীর বিবরন
প্রধান লেখক: Rodríguez, Florisabel
সংস্থা লেখক: PROCESOS
অন্যান্য লেখক: Espinosa, Rowland colab Mora, Fernando colab
বিন্যাস: পাঠ‍্য
প্রকাশিত: s.l: s.e
বিষয়গুলি:
ট্যাগগুলো: ট্যাগ যুক্ত করুন
কোনো ট্যাগ নেই, প্রথমজন হিসাবে ট্যাগ করুন!

MARC

LEADER 00000 a a2200000 04500
001 29365
003
040
090 |a 191200  
100 |a Rodríguez, Florisabel  
110 |a PROCESOS  
245 |a Treinta años en la evolución de la estructura social costarricense y algunas consideraciones sobre el abstencionismo 1970 - 2002 /  |c Florisabel Rodríguez 
260 |a s.l:   |b s.e  
300 |a 27 p  
500 |a Avance de investigación  
650 |a ESTRATIFICACION SOCIAL  
650 |a POBLACION OCUPADA  
650 |a COMPORTAMIENTO POLITICO  
650 |a MOVILIDAD SOCIAL  
650 |a INVESTIGACION  
650 |a COSTA RICA  
650 |a OCUPACIONES  
650 |a ESTRATIFICACION SOCIAL  
700 |a Espinosa, Rowland   |a colab   |a Mora, Fernando   |a colab  
999 |c 7099  |d 7099